Chinesische Städte Karten-Quiz - Statistiken

Allgemein
  • Dieses Quiz wurde 153 mal gespielt
  • Das Durchschnittsergebnis liegt bei 8 aus 13
Antworten auf der Karte
Die Antworten werden auf der Karte rot bzw. grün angezeigt, abhängig davon wie oft sie richtig erraten wurden.
 
Antwortstatistiken
Antwort % Korrekt
Peking
89%
Shanghai
86%
Hongkong
75%
Guangzhou
72%
Lhasa
64%
Ürümqi
61%
Nanjing
53%
Wuhan
53%
Chongqing
52%
Xi'an
50%
Harbin
47%
Chengdu
44%
Shenyang
43%
Keine übereinstimmenden Quizze gefunden
Verteilung der Resultate
Anzahl Personen mit jedem Resultat
Perzentil nach korrekt beantworteten Fragen
Ihre Resultats-Entwicklung
Sie haben dieses Quiz noch nicht gespielt